Andalucía por imagen - Estadísticas

Estadísticas generales
  • Esta prueba ha sido intentada 3.921 veces
  • La puntuación promedio es 10 de 18
Estadísticas de respuestas
Imagen Hint Respuesta % Correcto
(equipo) Real Betis
97%
(animal) Lince ibérico
96%
(danza) Flamenco
93%
(monumento) Alhambra
86%
(plato) Gazpacho
79%
(torre) Giralda
73%
(parque nacional) Doñana
70%
(pico) Mulhacén
69%
(dulce) Polvorón
68%
(artista) Joaquín Sabina
66%
(romería) El Rocío
62%
(dúo musical) Los del Río
61%
(desierto) Desierto de Tabernas
46%
(cabo histórico) Cabo Trafalgar
18%
(ensayista) María Zambrano
16%
(pueblo) Olvera
8%
(cuadro) La chiquita piconera
7%
(ensenada y playa) Mónsul
6%
No se encontraron pruebas coincidentes
Distribución de puntuación
Porcentaje de gente con cada puntuación
Porcentaje por número respondido
Historial de tus puntuaciones
No has intentado esta prueba.